000 00575nam a2200181 i 4500
001 129857
003 ES-MaACL
005 20250826040243.0
007 t|
008 070709s1950 sp ||||1| spa d
100 1 _aZubizarreta Gutiérrez, José.
_9118418
245 1 0 _aDerecho fiscal /
_cresumen de las explicaciones... de José Zubizarrieta Gutiérrez.
260 _aMadrid :
_b[s.n.],
_c1950 (
_fImp. Estades)
300 _a383 p. ;
_c22 cm.
650 0 4 _aDerecho fiscal-
_zEspaña
_911709
852 _aES-MaACL
_jD-7771
_bR.30625
999 _c129857
_d129857